000 nam a22 7a 4500
999 _c7914
_d7914
008 171109b xxu||||| |||| 00| 0 eng d
100 _94378
_aSHARMA.M.K
245 _aSUPER 20 ACCOUNTANCY S.P 12
260 _aNEW DELHI
_bFULL MARKS
_c2017